miasta województwa wielkopolskiego - Statystyki

Ogólne statystyki
  • Ten quiz został rozwiązany 868 razy
    75 od ostatniego zresetowania
  • Średni wynik to 53 z 120
Statystyki odpowiedzi
Pierwsza litera Miasto % Poprawnych
K Konin
94%
P Poznań
94%
K Kalisz
91%
P Piła
91%
G Gniezno
85%
J Jarocin
82%
L Leszno
82%
O Ostrów Wielkopolski
79%
Ś Śrem
79%
B Buk
74%
G Grodzisk Wielkopolski
74%
K Kępno
74%
K Koło
74%
L Luboń
74%
O Ostrzeszów
74%
P Pleszew
74%
S Swarzędz
74%
T Turek
74%
Ś Środa Wielkopolska
71%
R Rawicz
68%
S Szamotuły
68%
W Września
68%
G Gostyń
65%
K Kórnik
65%
K Krotoszyn
65%
C Chodzież
62%
C Czarnków
62%
M Międzychód
62%
W Wronki
62%
N Nowe Skalmierzyce
59%
S Słupca
59%
Z Złotów
59%
K Kościan
56%
K Koźminek
56%
N Nowy Tomyśl
56%
O Odolanów
56%
O Okonek
56%
B Borek Wielkopolski
53%
K Koźmin Wielkopolski
53%
O Opatówek
53%
Ś Ślesin
53%
Ś Śmigiel
53%
Ż Żerków
53%
C Chocz
50%
K Kobylin
50%
R Rychwał
50%
T Trzcianka
50%
U Ujście
50%
Ł Łobżenica
47%
O Oborniki
47%
S Stawiszyn
47%
C Czempiń
44%
D Dobrzyca
44%
J Jastrowie
44%
J Jutrosin
44%
M Margonin
44%
B Budzyń
41%
G Grabów nad Prosną
41%
M Mikstat
41%
N Nekla
41%
R Raszków
41%
R Rychtal
41%
B Bojanowo
38%
J Jaraczewo
38%
O Opalenica
38%
P Pogorzela
38%
W Wolsztyn
38%
Z Zaniemyśl
38%
Z Zduny
38%
D Dobra
35%
G Gołańcz
35%
K Kłodawa
35%
K Kostrzyn
35%
M Miasteczko Krajeńskie
35%
M Miejska Górka
35%
R Rydzyna
35%
K Krzyż Wielkopolski
32%
M Miłosław
32%
O Osieczna
32%
P Puszczykowo
32%
D Dolsk
29%
K Krobia
29%
K Krzywiń
29%
K Książ Wielkopolski
29%
L Lwówek
29%
M Mosina
29%
M Murowana Goślina
29%
P Pniewy
29%
S Sulmierzyce
29%
W Wągrowiec
29%
D Dąbie
26%
G Golina
26%
K Kleczew
26%
O Obrzycko
26%
P Poniec
26%
R Rakoniewice
26%
T Trzemeszno
26%
M Mieścisko
24%
T Tuliszków
24%
C Czerniejewo
21%
K Kłecko
21%
P Pobiedziska
21%
W Wyrzysk
21%
K Kaczory
18%
K Krajenka
18%
O Ostroróg
18%
P Pyzdry
18%
R Rogoźno
18%
S Sieraków
18%
S Skoki
18%
S Sompolno
18%
W Witkowo
18%
Z Zagórów
18%
Z Zbąszyń
18%
P Przedecz
15%
S Stęszew
15%
W Wieleń
15%
W Wysoka
15%
S Szamocin
12%
W Wielichowo
12%
Nie znaleziono quizów pasujących do podanych kryteriów
Rozkład punktacji
Procent ludzi z każdym wynikiem
Percentyl według liczby udzielonych odpowiedzi
Twoja historia wyników
Nie rozwiązałeś tego quizu od ostatniego zresetowania